Strategický marketing
Vývoj strategického marketingu. Budúce rámcové podmienky strategického marketingu. Ďalšie prehlbovanie strategického plánovania. Podnikové stratégie. Schéma úloh podnikového, marketingového strategického a operatívneho plánovania.
Gespeichert in:
| 1. Verfasser: | |
|---|---|
| Weitere Verfasser: | |
| Format: | Buchkapitel |
| Sprache: | Tschechisch |
| Schlagworte: | |
| Tags: |
Keine Tags, Fügen Sie das erste Tag hinzu!
|
MARC
| LEADER | 00000naa a2200000 4500 | ||
|---|---|---|---|
| 001 | r036893 | ||
| 005 | 20230522103003.6 | ||
| 041 | 0 | |a cze | |
| 044 | |a CZ | ||
| 245 | 1 | 0 | |a Strategický marketing |c Gustav Tomek, Věra Vávrová |
| 520 | |a Vývoj strategického marketingu. Budúce rámcové podmienky strategického marketingu. Ďalšie prehlbovanie strategického plánovania. Podnikové stratégie. Schéma úloh podnikového, marketingového strategického a operatívneho plánovania. | ||
| 610 | 2 | 0 | |a marketing strategický |
| 610 | 2 | 0 | |a plánovanie strategické |
| 610 | 2 | 0 | |a plánovanie operatívne |
| 610 | 2 | 0 | |a plánovanie podnikové |
| 610 | 2 | 0 | |a prostredie podnikové |
| 100 | 1 | |a Tomek, Gustav | |
| 700 | 1 | |a Vávrová, Věra | |